000 00859cam a2200265 i 4500
001 18332
003 Mx-PuUPA
005 20260204155113.0
008 140415s1985 mx a gr 001 0 spa d
040 _cMx-PuUPA
_aMx-PuUPA
_bspa
_dMx-PuUPA
_erda
041 0 _aspa
100 1 _aEscalada, Xavier,
_dmurió 2006?,
_eautor
_96467
245 1 3 _aMi jesucristo /
_cXacier Escalada
264 1 _aMéxico, D.F. :
_bIdeas y Promociones,
_c1985
300 _a365 páginas, 12 láminas sin numerar :
_bilustraciones (a color) ;
_c21 cm
336 _2rdacontent
_atexto
_btxt
337 _2rdamedia
_asin medio
_bn
338 _2rdacarrier
_avolumen
_bnc
600 0 4 _aJesucristo
_xOraciones
650 7 _2armarc
_aMeditaciones
_913986
650 7 _2armarc
_aOración
942 _2ddc
_cLI
_h242.72
_iE74
999 _c18332
_d18332